[Event "TCh-BIH Prem"]
[Site "Neum BIH"]
[Date "2005.06.06"]
[Round "3"]
[White "Solomunovic,I"]
[Black "Cabrilo,G"]
[Result "1-0"]
[WhiteElo "2416"]
[BlackElo "2469"]

1.e4 c5 2.c3 Nf6 3.e5 Nd5 4.Nf3 e6 5.d4 cxd4 6.Qxd4 Nc6 7.Qe4 Qc7 8.g3 Nde7
9.Na3 Ng6 10.Nb5 Qb8 11.Bf4 a6 12.Nd6+ Bxd6 13.exd6 b5 14.O-O-O Bb7 15.Qe2 Na5
16.Rg1 O-O 17.h4 b4 18.Ne5 Nxe5 19.Qxe5 Nc6 20.Qe1 bxc3 21.Qxc3 Rc8 22.Kb1 a5
23.Bc4 Nb4 24.Qd4 Qa7 25.a3 Qxd4 26.Rxd4 Nd5 27.Bd2 Nb6 28.Ba2 e5 29.Rg4 Kf8
30.h5 Bf3 31.Rh4 h6 32.g4 f6 33.Be3 Nd5 34.Bd2 Rc5 35.Re1 Rac8 36.Ka1 Rc2
37.Rh3 Bxg4 38.Rd3 Nb6 39.Bb3 R2c5 40.Be3 R5c6 41.f4 a4 42.Ba2 Bf5 43.Rdd1 Bc2
44.Rc1 Bb3 45.Rxc6 Rxc6 46.fxe5 fxe5 47.Bb1 Nd5 48.Bf2 Kf7 49.Bg6+ Ke6 50.Bg3 Kxd6
51.Bxe5+ Kc5 52.Bxg7 Nf4 53.Be8 Kb6 54.Bxd7 Rd6 55.Bg4 Ng2 56.Rc1 Ne3 57.Bf3 Nc2+
58.Kb1 Ne3 59.Be5 Rd3 60.Be4 Rd7 61.Bf4 Nc4 62.Bxh6 Rd4 63.Bg6 Rg4 64.Bg7 Nd2+
65.Ka1 Bf7 66.Bxf7 Rxg7 67.Ba2  1-0

[Event "FSIM June"]
[Site "Budapest HUN"]
[Date "2005.06.09"]
[Round "6"]
[White "Paridar,S"]
[Black "Kahn,E"]
[Result "1-0"]
[WhiteElo "2263"]
[BlackElo "2293"]

1.e4 c5 2.c3 Nf6 3.e5 Nd5 4.d4 cxd4 5.Nf3 e6 6.cxd4 b6 7.Nc3 Bb7 8.Bd3 Nxc3
9.bxc3 Qc8 10.Bd2 Ba6 11.Qe2 Bxd3 12.Qxd3 Qa6 13.c4 Nc6 14.O-O Rc8 15.Ng5 h6
16.Ne4 Qa3 17.Bc3 Nb4 18.Qf3 Be7 19.Rfb1 Nc2 20.Rb3 Qa4 21.Rc1 Na3 22.Bb2 Nxc4
23.Ba3 O-O 24.Bxe7 Nd2 25.Qd1 Nxe4 26.Bxf8 Rxc1 27.Qxc1 Kxf8 28.Qa3+ Qxa3
29.Rxa3 Ke7 30.f3 Nd2 31.Rxa7 Nc4 32.Kf2 f5 33.Ke2 f4 34.g3 Ne3 35.gxf4 Nd5
36.Kd3 Nxf4+ 37.Kc4 Nd5 38.Rb7 Kd8 39.Rb8+ Kc7 40.Rg8 Ne3+ 41.Kd3 Nf5 42.Ke4 Kb7
43.Rf8 g6 44.Rf6 Nh4 45.d5 exd5+ 46.Kxd5 Kc7 47.Rf7 Kd8 48.e6 dxe6+ 49.Kxe6  1-0

[Event "National Open"]
[Site "Las Vegas USA"]
[Date "2005.06.12"]
[Round "6"]
[White "Sevillano,E"]
[Black "Vigorito,D"]
[Result "0-1"]
[WhiteElo "2450"]
[BlackElo "2360"]

1.e4 c5 2.c3 Nf6 3.e5 Nd5 4.Nf3 Nc6 5.Bc4 Nb6 6.Bb3 d5 7.exd6 Qxd6 8.d4 cxd4
9.cxd4 Be6 10.O-O Bxb3 11.Qxb3 e6 12.Nc3 Be7 13.Nb5 Qb8 14.Re1 O-O 15.Ne5 Nxe5
16.dxe5 Nd5 17.Bd2 Rd8 18.Rad1 a6 19.Nd4 Qc7 20.a3 Rac8 21.Qg3 Qb6 22.Nb3 Nc3
23.Bxc3 Qxb3 24.Rxd8+ Rxd8 25.h4 h5 26.Re4 Qc2 27.Rf4 Rd3 28.Rf3 Rd1+ 29.Kh2 Qb1
30.Qf4 Rh1+ 31.Kg3 Bxh4+  0-1

[Event "III Open"]
[Site "Bajada de la Virgen ESP"]
[Date "2005.06.17"]
[Round "7"]
[White "Jonkman,H"]
[Black "Delchev,A"]
[Result "1/2-1/2"]
[WhiteElo "2428"]
[BlackElo "2614"]

1.e4 c5 2.c3 Nf6 3.e5 Nd5 4.d4 cxd4 5.Nf3 e6 6.cxd4 d6 7.Bc4 Nb6 8.Bd3 Nc6
9.O-O Nb4 10.Be2 dxe5 11.Nxe5 Bd7 12.Nc3 Be7 13.Nxd7 Qxd7 14.Bb5 Nc6 15.Qg4 O-O
16.Rd1 f5 17.Qe2 Nd5 18.Re1 Bf6 19.Bxc6 Qxc6 20.Qxe6+ Qxe6 21.Rxe6 Rfd8 22.Nxd5 Rxd5
23.Re2 Rxd4 24.Be3 Rb4 25.Rb1 f4 26.Bc5 Rc4 27.Ba3 Ra4 28.Rbe1 b5 29.Be7 Bxe7
30.b3 Ra6 31.Rxe7 Rxa2 32.Rb7 a6 33.h4 Kh8 34.Ree7 Rg8 35.f3 Rb2 36.Re6 Rxb3  1/2-1/2

[Event "Marx Gyorgy Open"]
[Site "Paks HUN"]
[Date "2005.06.17"]
[Round "4"]
[White "Baki,P2"]
[Black "Zakarias,D"]
[Result "0-1"]
[WhiteElo "2092"]
[BlackElo "2265"]

1.e4 c5 2.c3 Nf6 3.Qe2 e5 4.d3 g6 5.g3 Bg7 6.Bg2 O-O 7.Nf3 Nc6 8.Be3 d6 9.h3 Rb8
10.O-O Nh5 11.Nbd2 b5 12.Rfd1 Qe8 13.Nf1 f5 14.exf5 gxf5 15.Nh4 Nf6 16.Bg5 h6
17.Bxf6 Rxf6 18.Ne3 Ne7 19.Nd5 Nxd5 20.Bxd5+ Be6 21.Bxe6+ Qxe6 22.Re1 Rf7
23.Qh5 Kh7 24.Re2 Rg8 25.a4 Bf8 26.Kh2 f4 27.gxf4 Rxf4 28.Rg1 Be7 29.Rxg8 Rxh4
30.Rh8+ Kxh8  0-1

[Event "Marx Gyorgy Open"]
[Site "Paks HUN"]
[Date "2005.06.18"]
[Round "5"]
[White "Papp,C"]
[Black "Krumpacnik,D"]
[Result "0-1"]
[WhiteElo "2080"]
[BlackElo "2370"]

1.e4 c5 2.c3 Nf6 3.e5 Nd5 4.d4 cxd4 5.Nf3 e6 6.Bc4 Nb6 7.Bb3 dxc3 8.Nxc3 d5
9.exd6 Bxd6 10.O-O Nc6 11.Qe2 O-O 12.Bg5 Nd4 13.Nxd4 Qxg5 14.Nf3 Qe7 15.Rfd1 Bd7
16.Bc2 g6 17.Ne4 Bf4 18.a4 Rfd8 19.g3 Bh6 20.Ne5 Be8 21.a5 Nd7 22.Nc4 Nf6
23.Nxf6+ Qxf6 24.Ne5 Bg7 25.Ng4 Qxb2 26.Rab1 Qa2 27.Rxb7 Qxa5 28.Qf3 Rxd1+
29.Bxd1 Rc8 30.Ne3 Qe1+ 31.Nf1 a5 32.Ba4 Qc3 33.Qxc3 Bxc3 34.Bxe8 Rxe8 35.Ra7 Rb8
36.Ne3 Rb2 37.Nc4 Ra2 38.Nd6 Bd4 39.Rxf7 Bc5 40.Rd7 Bxf2+ 41.Kf1 Bd4 42.Ne4 Be5
43.Ng5 Rxh2 44.Nf3 Bxg3 45.Nxh2 Bxh2 46.Kg2 Bf4 47.Kf3 Bg5 48.Ke4 Bf6 49.Ra7 h5
50.Rxa5 Kf7 51.Ra7+ Be7 52.Ke5 g5 53.Rc7 g4 54.Rc6 g3 55.Kf4 g2 56.Rc1 Bc5  0-1

[Event "White Nights"]
[Site "St Petersburg RUS"]
[Date "2005.06.18"]
[Round "1"]
[White "Zefirov,V"]
[Black "Polyaninov,A"]
[Result "0-1"]
[WhiteElo "2127"]
[BlackElo "2409"]

1.e4 c5 2.c3 Nf6 3.d3 e6 4.g3 d5 5.Qe2 Be7 6.e5 Nfd7 7.f4 Nc6 8.Nf3 b6 9.Na3 Ba6
10.Nc2 Qc7 11.h4 h6 12.Bd2 O-O-O 13.O-O-O Rhe8 14.Bh3 Kb8 15.g4 d4 16.c4 b5
17.Na3 b4 18.Nc2 b3 19.axb3 Qb6 20.Na1 Kc7 21.Qe1 Rb8 22.g5 Bb7 23.Rf1 a5
24.f5 hxg5 25.fxe6 fxe6 26.Bxe6 gxh4 27.Bf7 Rh8 28.e6 Nf6 29.Bf4+ Kc8 30.Bxb8 Kxb8
31.Nxh4 Ka7 32.Ng6 Rh3 33.Nxe7 Nxe7 34.Rg1 Nf5 35.Nc2 Bf3 36.Qe5 Bxd1 37.Rxd1 Ne3
38.Re1 Nfg4 39.Qxg7 Qxb3 40.Bh5+ Kb6 41.Nxe3 Nxe3 42.Rxe3 Rh1+ 43.Re1 Rxe1+
44.Kd2 Re3 45.Kc1 Qxd3 46.Qg1 Qxc4+ 47.Kb1 Qxe6  0-1

[Event "White Nights"]
[Site "St Petersburg RUS"]
[Date "2005.06.19"]
[Round "2"]
[White "Silivanov,S"]
[Black "Khatenever,F"]
[Result "1/2-1/2"]
[WhiteElo "2368"]
[BlackElo "2037"]

1.e4 c5 2.c3 Nf6 3.e5 Nd5 4.Nf3 e6 5.Bc4 Nb6 6.Bb3 Nc6 7.O-O d6 8.exd6 Bxd6
9.d4 cxd4 10.cxd4 Ne7 11.Nc3 Bd7 12.Ne4 Bc6 13.Qe2 Nbd5 14.Ne5 Nf5 15.Bxd5 Bxd5
16.Qb5+ Kf8 17.Nxd6 Qxd6 18.Bf4 Qe7 19.Rac1 Nxd4 20.Qd3 Nc6 21.Nxc6 bxc6
22.Rxc6 Qf6 23.Bd6+ Kg8 24.Rc7 Qg6 25.Qg3 Qxg3 26.fxg3 f6 27.Rfc1 h5 28.Rd7 Kh7
29.Rcc7 Rhg8 30.Rxa7 Bxa2 31.Rxg7+ Rxg7 32.Rxa8 Rd7 33.Rxa2 Rxd6 34.b4 Rd1+
35.Kf2 Rb1 36.Ra6 Rxb4 37.Rxe6 Kg6 38.Re3 Rc4 39.h3 Rb4 40.Kf3 Rc4 41.Re4 Rc3+
42.Kf2 Rc2+ 43.Kg1 Rc3 44.g4 f5 45.gxh5+ Kxh5 46.Re8 Kg5 47.Rg8+ Kf6 48.Kh2 Rb3
49.Rg3 Rb4 50.Rc3 Kg5 51.Kg3 Rd4 52.Kf2 Rb4 53.g3 Ra4 54.Kf3 Ra6 55.h4+ Kf6
56.Rc8 Ra3+ 57.Kg2 Ra6 58.Kh3 Rb6 59.Ra8 Kg6 60.Rg8+ Kf7 61.Rd8 Kg6 62.Kg2 Rb3
63.Rd6+ Kg7 64.h5 Rb2+ 65.Kh3 Rb4 66.Rg6+ Kf7 67.Kg2 Rb3 68.Rd6 Kg7 69.Kf2 Rc3
70.Kg2 Rb3 71.h6+ Kh7 72.Rf6 Rb4 73.Kf3 Rc4 74.Ke3 Rg4 75.Kf3 Rc4 76.Kg2 Rb4
77.Kh3 Rc4 78.Rxf5 Kxh6 79.Rb5 Rc6 80.Kh4 Kg6 81.Rb4 Rd6 82.Kg4 Rc6 83.Kf3 Rd6
84.Rb5 Rd3+ 85.Kf4 Rd4+ 86.Ke3 Rd6 87.Ke4 Ra6 88.Kf3 Rc6 89.Re5 Rc3+ 90.Kg4 Rc4+
91.Kh3 Rc6 92.Re8 Rb6 93.Rg8+ Kh7 94.Rg5 Kh6 95.Kh4 Rb4+ 96.g4 Rb6 97.Rg8 Kh7
98.Re8 Kg6 99.Re5 Rc6 100.Rg5+ Kh7 101.Kg3 Rb6 102.Kf4 Rb4+ 103.Ke3 Ra4 104.Kf3 Ra3+
105.Kf4 Ra4+ 106.Kg3 Ra6 107.Rb5 Kg6 108.Kh4 Rc6 109.Rg5+ Kh6 110.Rd5 Kg6
111.Rd4 Rb6 112.Kg3 Rc6 113.Re4 Rb6 114.Re8 Rc6 115.Kh4 Rb6 116.Rg8+  1/2-1/2

[Event "White Nights"]
[Site "St Petersburg RUS"]
[Date "2005.06.19"]
[Round "2"]
[White "Frolochkin,V"]
[Black "Smirnov,Arte"]
[Result "1/2-1/2"]
[WhiteElo "2208"]
[BlackElo "2413"]

1.e4 c5 2.c3 Nf6 3.e5 Nd5 4.d4 cxd4 5.Qxd4 e6 6.Nf3 Nc6 7.Qe4 d6 8.Nbd2 dxe5
9.Nxe5 Nxe5 10.Qxe5 Qd6 11.Bb5+ Bd7 12.Bxd7+ Qxd7 13.O-O Qd6 14.Qd4 Qc5 15.Qe4 Qc7
16.Rd1 O-O-O 17.Nf3 Bc5 18.Bg5 Nf6 19.Qe2 Rxd1+ 20.Rxd1 Rd8 21.Rxd8+ Qxd8
22.b4 Bb6 23.h3 Qd5 24.c4 Qf5 25.a3 h6 26.Be3 Qe4 27.c5 Bc7 28.Qb2 Nd5 29.Bd4 f6
30.Qb3 Nf4 31.Be3 Nd5 32.Bd4 g5 33.c6 bxc6 34.Bxa7 h5 35.b5 g4 36.hxg4 hxg4
37.Nd2 Qe1+ 38.Nf1 Nc3 39.g3 Nxb5 40.Be3 Kd7 41.Qd3+ Nd6 42.Qh7+ Kc8 43.Qg8+ Kb7
44.Qxe6 Qc3 45.Qxg4 Qxa3 46.Qd4 f5 47.Nd2 Nb5 48.Qc4 Qc3 49.Kg2 Qxc4 50.Nxc4 Nc3
51.Kf3 Nd5 52.Nd2 Be5 53.Nb3 Ka6 54.Bd4 Bd6 55.Bc5 Bxc5 56.Nxc5+ Kb5 57.Ne6 c5
58.Ke2 Kb4 59.Kd3 Ne7 60.f3 Nc6 61.Nxc5 Kxc5 62.g4  1/2-1/2

[Event "Open"]
[Site "Voronezh RUS"]
[Date "2005.06.19"]
[Round "7"]
[White "Kostin,Alexe"]
[Black "Voitsekhovsky,S"]
[Result "1-0"]
[WhiteElo "2388"]
[BlackElo "2499"]

1.e4 c5 2.c3 Nf6 3.e5 Nd5 4.d4 cxd4 5.Nf3 e6 6.cxd4 b6 7.Nc3 Nxc3 8.bxc3 Qc7
9.Bb2 Be7 10.Bd3 Ba6 11.O-O O-O 12.c4 Bxc4 13.Qc2 b5 14.Bxh7+ Kh8 15.d5 Qb7
16.d6 Bd8 17.Rfd1 Nc6 18.Be4 Qb6 19.Nd4 Rc8 20.Qc3 g6 21.Qf3 Kg7 22.Nxc6 Rxc6
23.Bd4 Qa6 24.Bxc6 dxc6 25.Qe3 Bb6 26.a4 b4 27.a5 Bxa5 28.Qf4 Qb5 29.Be3 Bd8
30.Rd4 g5 31.Qg3 f6 32.Rxa7+ Rf7 33.exf6+ Bxf6 34.d7 Bd5 35.Bxg5  1-0

[Event "White Nights"]
[Site "St Petersburg RUS"]
[Date "2005.06.20"]
[Round "3"]
[White "Donets,V"]
[Black "Khatenever,F"]
[Result "1-0"]
[WhiteElo "2199"]
[BlackElo "2037"]

1.e4 c5 2.c3 Nf6 3.e5 Nd5 4.d4 cxd4 5.Nf3 Qa5 6.Nxd4 e6 7.Bc4 Nb6 8.Bb5 Nc6
9.a4 Nd5 10.O-O a6 11.Bxc6 bxc6 12.Na3 c5 13.Nc4 Qc7 14.Nf5 exf5 15.Qxd5 Bb7
16.Qd3 Qc6 17.f3 Be7 18.Qxf5 Qe6 19.Qd3 O-O 20.Bf4 Rab8 21.Rfd1 Bc6 22.Rd2 Rbd8
23.Bg3 h5 24.Bf2 h4 25.h3 Qg6 26.Qxg6 fxg6 27.Nd6 Bg5 28.Re2 Be7 29.Bxc5 Rf4
30.Bd4 g5 31.b4 Rdf8 32.b5 Bd5 33.bxa6 Bxd6 34.exd6 g4 35.fxg4 Bc4 36.Re7 Rf1+
37.Rxf1 Rxf1+ 38.Kh2 Bxa6 39.Rxg7+ Kf8 40.Rxd7 Ra1 41.Ra7 Bc4 42.d7  1-0

[Event "White Nights"]
[Site "St Petersburg RUS"]
[Date "2005.06.22"]
[Round "5"]
[White "Suslin,A"]
[Black "Mukhlisov,V"]
[Result "0-1"]
[WhiteElo "2171"]
[BlackElo "2015"]

1.e4 c5 2.c3 Nf6 3.e5 Nd5 4.d4 cxd4 5.Qxd4 e6 6.Bc4 Nc6 7.Qe4 Nde7 8.Bg5 Qc7
9.Bxe7 Bxe7 10.Nf3 b6 11.Nbd2 Bb7 12.Qe2 d6 13.exd6 Bxd6 14.O-O O-O 15.Bd3 Ne5
16.Nxe5 Bxe5 17.h3 g6 18.Rad1 Rfd8 19.Be4 Bd5 20.Nf3 Bc4 21.Bd3 Bxd3 22.Rxd3 Rxd3
23.Qxd3 Rd8 24.Qe2 Bf6 25.Rd1 Rxd1+ 26.Qxd1 Qc4 27.a3 Kg7 28.Qc2 b5 29.Ne1 a5
30.Qd3 Qb3 31.Qc2 Qc4 32.Qd3 Qb3 33.Qc2 Qc4 34.Nd3 e5 35.Qe2 b4 36.axb4 axb4
37.Nc1 Qf4 38.Qe3 Qc4 39.Qd3 Qc6 40.c4 e4 41.Qb3 Qd6 42.Qc2 Qd4 43.b3 Qa1
44.Kh2 Qe5+ 45.g3 h5 46.Ne2 h4 47.Qd2 hxg3+ 48.fxg3 Qc5 49.Kg2 Qh5 50.Nf4 Qf3+
51.Kh2 Qxb3 52.c5 Qc3 53.Qxc3 bxc3 54.c6 c2 55.Ne2 Be5 56.Kg2 Kf6 57.Kf2 Ke6
58.Ke3 Bb2 59.Kd2 c1=Q+ 60.Nxc1 Bxc1+ 61.Kxc1 Kd6 62.h4 Kxc6 63.g4 Kd6 64.Kd2 Ke5
65.Ke3 f5 66.h5 gxh5 67.gxh5 f4+  0-1

[Event "6th EICC"]
[Site "Warsaw POL"]
[Date "2005.06.22"]
[Round "5"]
[White "Tiviakov,S"]
[Black "Neverov,V"]
[Result "1-0"]
[WhiteElo "2631"]
[BlackElo "2566"]

1.e4 c5 2.c3 Nf6 3.e5 Nd5 4.Bc4 e6 5.d4 d6 6.exd6 cxd4 7.Bxd5 exd5 8.Qxd4 Qxd6
9.Ne2 Nc6 10.Qd3 Be6 11.Bf4 Qd7 12.Nd2 Be7 13.Nb3 O-O 14.O-O Rfe8 15.Ned4 Nxd4
16.Nxd4 Bc5 17.Rfe1 Bg4 18.Be3 Bf8 19.h3 Bh5 20.Qb5 Rad8 21.Qxd7 Rxd7 22.Nf5 a6
23.Bd4 Rxe1+ 24.Rxe1 f6 25.f3 Bg6 26.Ne3 Kf7 27.Kf2 Bd3 28.Rd1 Bb5 29.Bb6 Bc6
30.Nf5 Bd6 31.g4 g6 32.Nxd6+ Rxd6 33.Bc5 Re6 34.h4 h5 35.gxh5 gxh5 36.Be3 Re8
37.Rd4 Re5 38.a4 Re8 39.b3 Ke6 40.Rb4 b5 41.a5 Bd7 42.Rf4 Ke5 43.Rd4 Rc8
44.Rd2 Bf5 45.Bd4+ Ke6 46.Ke3 Kf7 47.Rg2 Bh7  1-0

[Event "6th EICC"]
[Site "Warsaw POL"]
[Date "2005.06.22"]
[Round "5"]
[White "Michalczak,T"]
[Black "Frolyanov,D"]
[Result "1-0"]
[WhiteElo "2369"]
[BlackElo "2505"]

1.e4 c5 2.c3 Nf6 3.e5 Nd5 4.Nf3 e6 5.d4 cxd4 6.cxd4 d6 7.Bc4 Nc6 8.O-O Be7
9.exd6 Qxd6 10.Nc3 O-O 11.Re1 Nxc3 12.bxc3 b6 13.Ng5 Bxg5 14.Bxg5 Bb7 15.Qg4 Kh8
16.Qh5 Ne7 17.Bd3 Ng6 18.Re3 Qd5 19.Be4 Qxe4 20.Rxe4 Bxe4 21.Re1 Bf5 22.Qe2 f6
23.Bc1 e5 24.Qh5 Be6 25.f4 Bxa2 26.dxe5 fxe5 27.f5 Ne7 28.Ba3 Rf7 29.Qe2 Bb3
30.Rb1 Bd5 31.Qxe5 Re8 32.Bxe7 Ba2 33.Re1  1-0

[Event "Torch Real Estate Cup"]
[Site "Xiapu CHN"]
[Date "2005.06.22"]
[Round "15"]
[White "Xie Jianjun"]
[Black "Tong Yuanming"]
[Result "1-0"]
[WhiteElo "2391"]
[BlackElo "2510"]

1.e4 c5 2.c3 Nf6 3.e5 Nd5 4.d4 cxd4 5.Nf3 Nc6 6.Bc4 Nb6 7.Bb3 d5 8.exd6 Qxd6
9.O-O Be6 10.Bxe6 Qxe6 11.Nxd4 Nxd4 12.Qxd4 Rd8 13.Qh4 Qc4 14.Qg3 Qd3 15.Be3 Nc4
16.Na3 Nxa3 17.bxa3 b6 18.a4 g6 19.a5 Bg7 20.axb6 axb6 21.Bxb6 Qxg3 22.hxg3 Rb8
23.Ba5 Kd7 24.Rfd1+ Kc6 25.Bb4 Rb7 26.Rac1 h5 27.Rc2 Ra8 28.Re2 Bf6 29.a3 Rd7
30.Rde1 Raa7 31.Re4 Kb5 32.Rb1 Kc6 33.Rc4+ Kd5 34.Rc5+ Ke4 35.a4 Kd3 36.a5 Kc2
37.Re1 e6 38.Kf1 Rdc7 39.Rxc7 Rxc7 40.Ra1 Ra7 41.a6 Bxc3 42.Bc5 Ra8 43.Ra3 Bb2
44.Ra4 Kb3 45.Rb4+ Kc3 46.Ra4 Kb3 47.Ra5 Bc3 48.Ra3+ Kc4 49.Be3 e5 50.a7 Bd4
51.Ke2 Kb4 52.Ra2 Kb3 53.Ra6 Kc4 54.f4 Kb5 55.Ra2 Bxe3 56.Kxe3 exf4+ 57.gxf4 Kb6
58.Ke4 f6 59.Kd5 g5 60.fxg5 fxg5 61.Ke4 Kb7 62.Kf5 g4 63.Kg5 g3 64.Kh4 Kc7
65.Kxg3  1-0

[Event "19th Open Pula"]
[Site "Pula CRO"]
[Date "2005.06.23"]
[Round "6"]
[White "Savic,Miod1"]
[Black "Jankovic,A"]
[Result "1-0"]
[WhiteElo "2521"]
[BlackElo "2480"]

1.e4 c5 2.c3 Nf6 3.e5 Nd5 4.Nf3 Nc6 5.d4 cxd4 6.Bc4 e6 7.cxd4 d6 8.Qe2 Be7
9.O-O O-O 10.Rd1 Bd7 11.Nbd2 Na5 12.Bxd5 exd5 13.Nf1 Nc6 14.Ng3 Be6 15.Bf4 dxe5
16.dxe5 Qa5 17.h3 Rfe8 18.a3 Qa4 19.Qe3 Qb5 20.Qd2 Bc5 21.Nh5 Bf5 22.b4 Bf8
23.Ng3 Be6 24.Rdb1 a5 25.bxa5 Qa4 26.Ng5 Nxa5 27.Qd3 g6 28.Nh5 Kh8 29.Qg3 h6
30.Nf6 Re7 31.Qh4 Nc6 32.Nge4  1-0

[Event "White Nights"]
[Site "St Petersburg RUS"]
[Date "2005.06.23"]
[Round "6"]
[White "Martynenko,A"]
[Black "Lintchevski,D"]
[Result "0-1"]
[WhiteElo "2385"]
[BlackElo "2269"]

1.e4 c5 2.c3 Nf6 3.e5 Nd5 4.Nf3 Nc6 5.Bc4 Nb6 6.Bb3 c4 7.Bc2 d5 8.exd6 Qxd6
9.d4 cxd3 10.Qxd3 Qxd3 11.Bxd3 Bg4 12.Be3 Bxf3 13.gxf3 e5 14.Nd2 Nd5 15.Bb5 f6
16.Nc4 a6 17.Bxc6+ bxc6 18.O-O-O O-O-O 19.Kc2 Be7 20.b4 Rd7 21.Kb3 Bd8 22.Bc5 Bc7
23.a4 Rhd8 24.a5 Nf4 25.Rxd7 Rxd7 26.Kc2 f5 27.Nb6+ Bxb6 28.Bxb6 g5 29.Re1 Ng6
30.c4 Re7 31.Kc3 Nh4 32.Re3 f4 33.Rd3 Rd7 34.Rxd7 Kxd7 35.b5 cxb5 36.cxb5 axb5
37.a6 Kc6 38.a7 Kb7 39.Kb4 Nxf3 40.Kxb5 Nxh2 41.Kc4 h5 42.Kd3 h4 43.Ke2 h3
44.f3 Nxf3 45.Kxf3 g4+ 46.Kf2 g3+ 47.Kg1 f3  0-1

[Event "6th EICC"]
[Site "Warsaw POL"]
[Date "2005.06.23"]
[Round "6"]
[White "Pavasovic,D"]
[Black "Jaracz,P"]
[Result "1/2-1/2"]
[WhiteElo "2593"]
[BlackElo "2530"]

1.e4 c5 2.c3 Nf6 3.e5 Nd5 4.Nf3 e6 5.Bc4 d6 6.d4 cxd4 7.cxd4 Nb6 8.Bb3 dxe5
9.Nxe5 Nc6 10.Nxc6 bxc6 11.O-O Be7 12.Bf4 O-O 13.Nc3 Ba6 14.Re1 Bc4 15.Bc2 Bd5
16.Qd3 g6 17.Qg3 Bh4 18.Qg4 Bf6 19.Rad1 Nd7 20.Re3 Rc8 21.b3 Re8 22.Ne4 Bxe4
23.Bxe4 Nb6 24.Rh3 Qe7 25.Be5 Red8 26.Bxf6 Qxf6 27.Rhd3 Rd6 28.Qe2 Nd5 29.g3 Rcd8  1/2-1/2

[Event "6th EICC"]
[Site "Warsaw POL"]
[Date "2005.06.23"]
[Round "6"]
[White "Tzermiadianos,And"]
[Black "Neverov,V"]
[Result "1/2-1/2"]
[WhiteElo "2453"]
[BlackElo "2566"]

1.e4 c5 2.c3 Nf6 3.e5 Nd5 4.Nf3 e6 5.Bc4 d6 6.d4 Nc6 7.O-O Be7 8.exd6 Qxd6
9.dxc5 Qxc5 10.Bb3 O-O 11.Nbd2 Nf6 12.Qe2 b6 13.Ne4 Nxe4 14.Qxe4 Bb7 15.Qg4 Bf6
16.Be3 Qe7 17.Rfe1 Rfd8 18.Bf4 Na5 19.Bc2 Nc4 20.Ng5 g6 21.b3 Na3 22.Be4 Bg7
23.Bxb7 Qxb7 24.Rac1 h6 25.Nf3 Nb5 26.Be5 Nd6 27.Bxg7 Kxg7 28.Ne5 Nf5 29.Rc2 Rd5
30.h4 h5 31.Qe4 Rb8 32.Nf3 Rbd8 33.c4 R5d7 34.Qxb7 Rxb7 35.c5 Rc7 36.Rec1 b5
37.g3 f6 38.b4 e5 39.Rd2 Rxd2 40.Nxd2 Kf7 41.Ne4 Nd4 42.Kg2 Ke6 43.Rc3 Rc6
44.Ra3 Kd5 45.Nd6 a6 46.f3 Nc2 47.Rd3+ Ke6 48.Rb3 a5 49.Nb7 axb4 50.Nd8+ Kd5
51.Nxc6 Kxc6 52.Rb1 Ne3+ 53.Kf2 Nd5 54.Rc1 Nc3 55.Rc2 Kxc5 56.Ke3 Kc4 57.Kd2 Kd4
58.Rb2 Nd5 59.Rb3 f5 60.a3 Kc4 61.Kc2 e4 62.fxe4 fxe4 63.axb4 Nxb4+ 64.Kb2 Nd3+
65.Kc2 b4 66.Rb1 e3 67.Kd1 Nf2+ 68.Ke2 Ng4 69.Rc1+ Kd4 70.Rc6 b3 71.Rb6 Kc4
72.Rc6+ Kb5 73.Rc8 Kb4 74.Kd3 Ne5+ 75.Kxe3 b2 76.Rb8+ Kc3 77.Rxb2 Kxb2 78.Kf4 Nf7
79.g4 hxg4 80.Kxg4 Kc3 81.h5 g5 82.h6 Kd4 83.h7  1/2-1/2

[Event "White Nights"]
[Site "St Petersburg RUS"]
[Date "2005.06.24"]
[Round "7"]
[White "Melnikov,N1"]
[Black "Dymshits,G"]
[Result "1/2-1/2"]
[WhiteElo "1847"]
[BlackElo "2049"]

1.e4 c5 2.c3 Nf6 3.e5 Nd5 4.d4 cxd4 5.cxd4 d6 6.Nf3 Nc6 7.Bc4 e6 8.O-O Be7
9.Re1 O-O 10.Nc3 Nxc3 11.bxc3 dxe5 12.Nxe5 Nxe5 13.dxe5 Qc7 14.Qg4 Rd8 15.Bh6 g6
16.Qf4 b6 17.Re3 Bb7 18.h4 Rac8 19.Bf1 Rd5 20.c4 Rd7 21.Rae1 Rcd8 22.Bg5 Rd4
23.Qh2 Rd1 24.Bxe7 Qxe7 25.h5 Rxe1 26.Rxe1 Rd4 27.Qg3 Qd8 28.hxg6 hxg6 29.a4 Ba6
30.Rc1 Qc7 31.Qg5 Qd8 32.Qxd8+ Rxd8 33.a5 Rc8 34.axb6 axb6 35.f4 Rc6 36.g3 Kg7
37.Kf2  1/2-1/2

[Event "White Nights"]
[Site "St Petersburg RUS"]
[Date "2005.06.24"]
[Round "7"]
[White "Gritsenko,An"]
[Black "Mukhlisov,V"]
[Result "1/2-1/2"]
[WhiteElo "2240"]
[BlackElo "2015"]

1.e4 c5 2.c3 Nf6 3.e5 Nd5 4.d4 cxd4 5.Nf3 Nc6 6.cxd4 d6 7.Bc4 dxe5 8.dxe5 Nb6
9.Qxd8+ Nxd8 10.Be2 g6 11.O-O Bg7 12.Nc3 Nc6 13.Bf4 O-O 14.Rad1 h6 15.h3 Be6
16.b3 Rac8 17.Rfe1 Nxe5 18.Bxe5 Bxe5 19.Nxe5 Rxc3 20.Bf3 Bc8 21.Rc1 Rxc1
22.Rxc1 e6 23.Rc7 Nd5 24.Bxd5 exd5 25.Nxf7 Rxf7 26.Rxc8+ Kg7 27.Rd8 Rc7 28.Rxd5 Kf7
29.Kh2 Ke6 30.Rd2 Rc3 31.f3 b5 32.Kg3 a5 33.Kf4 Rc5 34.h4 a4 35.bxa4 Rc4+
36.Ke3 Rxa4 37.g4 Ke5 38.Rb2 Ra3+ 39.Kf2 b4 40.Kg3 Ra4 41.Rc2 Kf6 42.Rc6+ Kg7
43.Rb6 Rxa2 44.Rxb4 g5 45.Rb7+ Kf6 46.h5 Ra6 47.Rh7 Ke5 48.Rh8 Rf6 49.Re8+ Kd6
50.Re4 Kd5 51.Kf2 Rb6 52.Re8 Rb2+ 53.Ke1 Rb3 54.Kf2 Rb2+ 55.Kg3 Rb6 56.Rg8 Ke5
57.Re8+ Kf6 58.Kf2 Kg7 59.Ke3 Rf6 60.Re7+ Kg8 61.Re4 Ra6 62.Re5 Ra4 63.Rf5 Kg7
64.Rb5 Kg8 65.Rd5 Kg7 66.Rd4 Ra7 67.Rb4 Re7+ 68.Kd3 Rd7+ 69.Ke3 Re7+ 70.Re4 Rd7
71.f4 gxf4+ 72.Kxf4 Kf6 73.Ra4 Rd5 74.Ra7 Rd4+ 75.Kg3 Rd6 76.Kh4 Rb6 77.Rh7 Ke5
78.Rh8 Kf4 79.Ra8 Rb1 80.Rf8+ Ke5 81.Kh3 Rb3+ 82.Kh4 Rb1 83.Kg3 Rb3+ 84.Kh4 Rb1
85.Rf5+ Ke6 86.Rf8 Ke5 87.Re8+ Kf4 88.Rf8+ Ke5 89.Rf2 Rh1+ 90.Kg3 Rg1+ 91.Kh3 Rb1
92.Ra2 Kf6 93.Ra7 Rb3+ 94.Kh4 Rb6 95.Rc7 Ra6 96.Rh7 Ke5 97.Rg7 Rb6 98.Rg8 Ra6
99.Rf8 Rb6 100.Rf1 Rb4 101.Ra1 Rb6 102.Ra5+ Ke6 103.Ra7 Ke5  1/2-1/2

[Event "Torch Real Estate Cup"]
[Site "Xiapu CHN"]
[Date "2005.06.25"]
[Round "18"]
[White "Li Haoyu"]
[Black "Li Chao"]
[Result "1/2-1/2"]
[WhiteElo "2280"]
[BlackElo "2320"]

1.e4 c5 2.c3 Nf6 3.e5 Nd5 4.d4 cxd4 5.Nf3 e6 6.cxd4 d6 7.Bc4 Nc6 8.O-O Be7
9.Qe2 O-O 10.Qe4 dxe5 11.dxe5 Qc7 12.Re1 Nb6 13.Bd3 g6 14.Bh6 Rd8 15.a3 Nd7
16.Bc2 Nc5 17.Qe3 Qb6 18.b4 Nd7 19.Qf4 a5 20.b5 Qxb5 21.Nbd2 a4 22.Rab1 Qa5
23.Ng5 Ncxe5 24.Nc4 Bxg5 25.Bxg5 Nxc4 26.Bxd8 Qxd8 27.Qxc4 Nf6 28.Bxa4 Bd7
29.Bxd7 Qxd7 30.Ra1 Nd5 31.a4 b6 32.h3 Ra5 33.Qd4 Qd6 34.Rec1 e5 35.Qe4 Kg7
36.Rab1 Nf6 37.Qb4 Qd7 38.Qxb6 Rxa4 39.Rc7 Qf5 40.Qb3 Nd5 41.Rd1 Nxc7 42.Qxa4 Ne6
43.Qd7 Nd4 44.Qxf5 Nxf5 45.Rd5 Kf6 46.Kf1 Ke6 47.Ra5 h5 48.Ke2 Nd6 49.Kd3 f6
50.Ra8 Kf5 51.Ra6 Ke6 52.Ra4 Kd5 53.Ra2 Ke6 54.Kc3 Kd5 55.Kb4 Ne4 56.f3 Nd6
57.Kc3 h4  1/2-1/2

[Event "zt 4.1"]
[Site "Taza MAR"]
[Date "2005.06.27"]
[Round "8"]
[White "Ali,Se"]
[Black "Idrissi,C"]
[Result "1-0"]
[WhiteElo "2276"]
[BlackElo "2215"]

1.e4 c5 2.c3 Nf6 3.e5 Nd5 4.d4 cxd4 5.cxd4 e6 6.Nf3 b6 7.Bd3 Bb4+ 8.Bd2 Bxd2+
9.Qxd2 Ba6 10.Nc3 Bxd3 11.Qxd3 Nxc3 12.bxc3 d5 13.exd6 Qxd6 14.O-O Nd7 15.a4 O-O
16.a5 h6 17.axb6 axb6 18.h3 Rfc8 19.Rxa8 Rxa8 20.Rb1 Qd5 21.c4 Qd6 22.Qb3 Ra3
23.Qb2 Ra5 24.Re1 Ra8 25.Rb1 Ra5 26.Re1 Ra8 27.Qb5 Ra5 28.Qb1 Nf6 29.Ne5 Ra8
30.Rd1 Rc8 31.Qb3 Rd8 32.Qf3 Qc7 33.g4 Ne8 34.Nc6 Rd6 35.d5 exd5 36.cxd5 Nf6
37.Re1 Nxd5 38.Re8+ Kh7 39.Ne5 Qc1+ 40.Kg2 Nf4+ 41.Kh2 Qd2 42.Nxf7 Rd4 43.Rh8+ Kg6
44.Ne5+  1-0

[Event "33rd World Open"]
[Site "Philadelphia USA"]
[Date "2005.06.28"]
[Round "1"]
[White "Frankle,J"]
[Black "Goldberg,E"]
[Result "1-0"]
[WhiteElo "2241"]
[BlackElo "2048"]

1.e4 c5 2.c3 Nf6 3.e5 Nd5 4.d4 cxd4 5.Bc4 Nb6 6.Bb3 e6 7.cxd4 d6 8.Qe2 Bd7
9.Nf3 Bc6 10.Nc3 Be7 11.O-O d5 12.Ne1 Na6 13.a4 Nb4 14.Nc2 a5 15.f4 g6 16.Be3 h5
17.Nxb4 axb4 18.Nb5 Nc8 19.Bc2 Ra5 20.Bd3 Kd7 21.b3 Qf8 22.Bd2 Rg8 23.Na3 Rxa4
24.bxa4 bxa3 25.Rfb1 Qd8 26.Qe1 Ke8 27.a5 Kf8 28.Bb4 Kg7 29.Rxa3 Bh4 30.Qe2 Kh8
31.a6 bxa6 32.Rxa6 Bb7 33.Ra2 Qb6 34.Bc5 Qc6  1-0

[Event "2nd RUS Pupils Summer Boys"]
[Site "Satka RUS"]
[Date "2005.06.28"]
[Round "2"]
[White "Sirotine,K"]
[Black "Popov,Iv RUS"]
[Result "1-0"]
[WhiteElo "2370"]
[BlackElo "2464"]

1.e4 c5 2.c3 Nf6 3.e5 Nd5 4.d4 cxd4 5.Nf3 e6 6.cxd4 b6 7.Nc3 Nxc3 8.bxc3 Qc7
9.Bd2 d6 10.Bd3 Nd7 11.Ng5 Bb7 12.O-O dxe5 13.Qh5 g6 14.Qh3 Be7 15.Rfe1 Qd8
16.f4 Bd5 17.c4 Bb7 18.Bxg6 fxg6 19.Qxe6 Rf8 20.Nxh7 Nf6 21.Nxf8 Kxf8 22.Qxe5 Ne4
23.Qh8+ Kf7 24.Qh7+ Kf6 25.d5 Bc5+ 26.Be3 Qe7 27.Qxe7+ Bxe7 28.Bd4+ Kf5 29.Re2 Bc5
30.g4+ Kxg4 31.Rxe4 Re8 32.Rxe8 Bxd4+ 33.Kg2 Bxa1 34.Rb8 Ba6 35.d6 Bf6 36.d7 Bh4
37.Rh8 Be7 38.Re8 Bh4 39.Rf8 Bb7+ 40.Kg1 Ba6 41.d8=Q Bxd8 42.Rxd8 Bxc4 43.a3 Be6
44.Ra8 b5 45.Rxa7 Kxf4 46.Rb7  1-0

[Event "6th EICC"]
[Site "Warsaw POL"]
[Date "2005.06.28"]
[Round "10"]
[White "Pavasovic,D"]
[Black "Wells,P"]
[Result "0-1"]
[WhiteElo "2593"]
[BlackElo "2525"]

1.e4 c5 2.c3 Nf6 3.e5 Nd5 4.Nf3 Nc6 5.Bc4 Nb6 6.Bb3 c4 7.Bc2 d6 8.exd6 Qxd6
9.O-O Bg4 10.Re1 Ne5 11.Rxe5 Bxf3 12.Qe1 Bd5 13.b3 e6 14.Ba3 Qc6 15.Rg5 f6
16.Rg3 O-O-O 17.Bxf8 Rhxf8 18.Na3 g6 19.bxc4 Bxc4 20.Nxc4 Nxc4 21.d3 Nb6
22.a4 e5 23.a5 Nd5 24.d4 Qc7 25.a6 b6 26.c4 Qxc4 27.dxe5 Nf4 28.Re3 Kb8 29.e6 Qc6
30.Be4 Qxe6 31.Bf3 Qd7 32.Re7 Rfe8 33.Qe4 Ne2+ 34.Kf1 Qxe7 35.Qa8+ Kc7 36.Qc6+ Kb8
37.Qa8+ Kc7 38.Qb7+ Kd6 39.Rd1+ Ke6 40.Re1 Kf7  0-1